00212nam a2200073 a 450000500170000000800410001705000230005824500570008120140414132001.0110216s19uu xx 00 eng d aTR 790.1bC43 2004 aA child's first library of learning activity book 3.